• 首页
  • 本馆介绍
  • 公告通知
  • 最新文献
  • 馆藏检索
  • 电子资源
  • 读者导购
  • 参考咨询
  • 我的图书馆
  • 登录
  • 详细信息显示
  • 放入我的书架
  • 预约/预借图书
  • 作者相关作品
  • 分类相关作品
  • 丛书相关作品
  • 出版社相关作品

书目信息

  • 表格格式
  • 工作单格式
  • 卡片格式
题名:
Lorenz混沌族中若干数学问题新研究
    
 
作者: 廖晓昕 著
分册:  
出版信息: 武汉   华中科技大学出版社  2017.4
页数: 190页
开本: 25cm
丛书名:
单 册:
中图分类: O415.5 , O411
科图分类:
主题词: 混沌--数学方法
电子资源:
ISBN: 978-7-5680-2621-5
000 01235nam0 2200265 450
001 0400002397
005 20171021092324.0
010    @a978-7-5680-2621-5@b精装@dCNY88.00
100    @a20170802e2017 em y0chiy50 ea
101 0  @achi
102    @aCN@b420000
105    @ay z 000yy
106    @ar
200 1  @aLorenz混沌族中若干数学问题新研究@9Lorenzhun dun zu zhong ruo gan shu xue wen ti xin yan jiu@dNew research on some mathematical problems of Lorenz chaotic family@zeng@f廖晓昕著
210    @a武汉@c华中科技大学出版社@d2017.4
215    @a190页@d25cm
300    @a国家科学技术学术著作出版基金资助 2017年精品出版省级重点出版物
330    @a本书是作者2004年退休之后10年内对Lorenz系统中核心数学问题:全局指数吸引集,正向不变集的构造性证明及平衡位置的Lyapunov全局指数稳定性、全局渐近稳定性、不稳定的简洁的代数充要条件及参数的分支值公式等理论及应用的研究报告总结而成,其中的很多内容和观点都已在《中国科学》杂志和国外权威的英文期刊上发表。
510 1  @aNew research on some mathematical problems of Lorenz chaotic family@zeng
606 0  @a混沌@x数学方法
690    @aO415.5@v5
690    @aO411@v5
701  0 @a廖晓昕@9liao xiao xin@f(1938-)@4著
801  0 @aCN@b91MARC@c20171021
905    @b1022079-83@dO415.5@f5@e114
    
    Lorenz混沌族中若干数学问题新研究=New research on some mathematical problems of Lorenz chaotic family/廖晓昕著.-武汉:华中科技大学出版社,2017.4
    190页;25cm
    国家科学技术学术著作出版基金资助 2017年精品出版省级重点出版物
    
    ISBN 978-7-5680-2621-5(精装):CNY88.00
    本书是作者2004年退休之后10年内对Lorenz系统中核心数学问题:全局指数吸引集,正向不变集的构造性证明及平衡位置的Lyapunov全局指数稳定性、全局渐近稳定性、不稳定的简洁的代数充要条件及参数的分支值公式等理论及应用的研究报告总结而成,其中的很多内容和观点都已在《中国科学》杂志和国外权威的英文期刊上发表。
●
相关链接 在E读中查询图书 在五车中查询图书 在当当中查询图书 在豆瓣中查询图书


正题名:Lorenz混沌族中若干数学问题新研究     索取号:O415.5/114         预约/预借

序号 登录号 条形码 馆藏地/架位号 状态 备注
1 1022079   210220795   第二样本阅览室/ [索取号:O415.5/114] 在馆    
2 1022080   210220802   密集书库-物理学院/ [索取号:O415.5/114] 在馆    
3 1022081   210220811   第三借阅区/ [索取号:O415.5/114] 在馆    
4 1022082   210220820   第三借阅区/ [索取号:O415.5/114] 在馆    
5 1022083   210220839   第三借阅区/ [索取号:O415.5/114] 在馆    
唐山师范学院图书馆 欢迎您!
大连网信软件有限公司© 版权所有